El coronel no tiene quien le escriba / Gabriel García Márquez
El coronel no tiene quien le escriba, es una novela corta, cuenta la historia de un ex militar latinoamericano, que después de servir a su país en la última Guerra Civil, espera por 15 años su carta de jubilación, la cual es su esperanza para salir de la pobreza y tener una mejor vida junto a su esp...
Gespeichert in:
| 1. Verfasser: | |
|---|---|
| Format: | Buch |
| Sprache: | Undetermined |
| Veröffentlicht: |
Barcelona, España
Plaza & Janés Editores
1998
|
| Ausgabe: | 6 |
| Schlagworte: | |
| Tags: |
Tag hinzufügen
Keine Tags, Fügen Sie den ersten Tag hinzu!
|
MARC
| LEADER | 00000nam a2200000Ia 4500 | ||
|---|---|---|---|
| 008 | 170316s9999 xx 000 0 und d | ||
| 040 | |a cru BVZT | ||
| 090 | |a 860 G-12cor | ||
| 100 | |a García Márquez, Gabriel | ||
| 245 | |a El coronel no tiene quien le escriba / Gabriel García Márquez | ||
| 250 | |a 6 | ||
| 260 | |a Barcelona, España | ||
| 260 | |b Plaza & Janés Editores | ||
| 260 | |c 1998 | ||
| 300 | |a 99 páginas | ||
| 520 | |a El coronel no tiene quien le escriba, es una novela corta, cuenta la historia de un ex militar latinoamericano, que después de servir a su país en la última Guerra Civil, espera por 15 años su carta de jubilación, la cual es su esperanza para salir de la pobreza y tener una mejor vida junto a su esposa enferma. La novela relata la persistencia del personaje principal, quien viaja todos los viernes al pueblo, en espera de encontrar tan ansiado comunicado, mismo que nunca llega, además de abordar temas controversiales como la falta de sentido de justicia y la corrupción estatal, en una Colombia inestable por los conflictos civiles. | ||
| 650 | |a LITERATURA LATINOAMERICANA |9 15 | ||
| 650 | |a NOVELA |9 13 | ||
| 999 | |c 8699 |d 8699 | ||
| 942 | |c 4 D |h 860 G-12cor |2 z | ||
